Cartography in the traditional East and Southeast Asian societies The history of cartography : vol. 2. 2
| Published in: | Cartography in the traditional East and Southeast Asian societies The history of cartography, vol. 2. 2 |
|---|---|
| Main Authors: | , |
| Content type: | Book |
| Published: |
Chicago [etc.]:
University of Chicago Press
1994 |
| Source: | MPIPL_cat |
| _version_ | 1863687006594269184 |
|---|---|
| author2 | Harley, John B. Woodward, David |
| author2_role | ed |
| author2_variant | j b h jb jbh d w dw |
| author_facet | Harley, John B. Woodward, David |
| author_search | Harley, John B. Woodward, David |
| author_sort | Harley, John B. |
| callnumber-first | 404.21-Car/1.2.2 |
| callnumber-label | 404 |
| callnumber-raw | 404.21-CAR/1.2.2 |
| callnumber-search | 404.21-CAR/1.2.2 |
| collection_details | MPIPL |
| container_title | The history of cartography |
| dedup_id_str | MPIPL_cat.PL0063291 |
| dewey-hierarchy | 0/[Unassigned]/ |
| dewey-hierarchy_str | 0/[Unassigned]/ |
| first_indexed | 2026-03-14T00:40:12Z |
| format | 0/Buch/ |
| format_str | 0/Buch/ |
| fullrecord | <?xml version="1.0" encoding="UTF-8"?>
<collection xmlns:xsi="http://www.w3.org/2001/XMLSchema-instance" xsi:schemaLocation="http://www.loc.gov/MARC21/slim http://www.loc.gov/standards/marcxml/schema/MARC21slim.xsd" xmlns="http://www.loc.gov/MARC21/slim">
<record>
<leader>00000nam a2200000 u 4500</leader>
<controlfield tag="001">PL0063291</controlfield>
<controlfield tag="003">PLI01000000000000000061519</controlfield>
<controlfield tag="005">00000000000000.0</controlfield>
<controlfield tag="008"> ||| u </controlfield>
<datafield tag="020" ind1=" " ind2=" ">
<subfield code="a">0-226-31637-8</subfield>
</datafield>
<datafield tag="020" ind1=" " ind2=" ">
<subfield code="a">9780226316376</subfield>
</datafield>
<datafield tag="090" ind1=" " ind2=" ">
<subfield code="a">404.21-Car/1.2.2</subfield>
</datafield>
<datafield tag="100" ind1="1" ind2=" ">
<subfield code="a">Harley, John B.</subfield>
<subfield code="e">[ed.]</subfield>
</datafield>
<datafield tag="245" ind1="0" ind2="4">
<subfield code="n">vol. 2. 2</subfield>
<subfield code="a">Cartography in the traditional East and Southeast Asian societies</subfield>
<subfield code="a">The history of cartography</subfield>
<subfield code="c">ed. by J.B. Harley and David Woodward ; associate ed. Joseph E. Schwartzberg ; ass. ed. Cordell D.K. Yee</subfield>
</datafield>
<datafield tag="260" ind1=" " ind2="2">
<subfield code="a">Chicago [etc.]</subfield>
<subfield code="b">University of Chicago Press</subfield>
</datafield>
<datafield tag="260" ind1=" " ind2=" ">
<subfield code="c">1994</subfield>
</datafield>
<datafield tag="300" ind1=" " ind2=" ">
<subfield code="a">XXVII, 970 p., ill, pl.</subfield>
</datafield>
<datafield tag="700" ind1="1" ind2=" ">
<subfield code="a">Woodward, David</subfield>
<subfield code="e">[ed.]</subfield>
</datafield>
<datafield tag="773" ind1="0" ind2="8">
<subfield code="w">MPIPL_cat.PL0053652</subfield>
<subfield code="i">In:</subfield>
</datafield>
<datafield tag="989" ind1=" " ind2=" ">
<subfield code="a">A95-06</subfield>
</datafield>
<datafield tag="980" ind1=" " ind2="2">
<subfield code="a">Harley, John B.</subfield>
<subfield code="e">[ed.]</subfield>
</datafield>
<datafield tag="981" ind1=" " ind2="2">
<subfield code="a">Woodward, David</subfield>
<subfield code="e">[ed.]</subfield>
</datafield>
<datafield tag="984" ind1=" " ind2="2">
<subfield code="c">J.B. Harley and David Woodward</subfield>
</datafield>
<datafield tag="650" ind1=" " ind2="4">
<subfield code="a">Cartography-History</subfield>
</datafield>
<datafield tag="696" ind1=" " ind2=" ">
<subfield code="a">Harley, John Brian</subfield>
</datafield>
<datafield tag="852" ind1=" " ind2=" ">
<subfield code="c">404.21-Car/1.2.2</subfield>
<subfield code="m">BOOK</subfield>
</datafield>
</record>
</collection>
|
| hierarchy_parent_id | MPIPL_cat.PL0053652 |
| hierarchy_parent_title | The history of cartography |
| id | MPIPL_cat.PL0063291 |
| illustrated | Not Illustrated |
| institution | MPIPL_cat |
| institution_str | MPIPL_cat |
| isbn | 9780226316376 0-226-31637-8 |
| language | und |
| language_str | und |
| last_indexed | 2026-04-27T23:41:43Z |
| local_fields | A95-06 |
| online | false |
| online_MPIPL_cat | false |
| online_str | false |
| physical | XXVII, 970 p., ill, pl |
| publishDate | 1994 |
| publishDate_str | 1994 |
| publisher | University of Chicago Press |
| record_format | marc |
| signature_search | 404.21-Car/1.2.2 |
| spelling | Harley, John B. ed. vol. 2. 2 Cartography in the traditional East and Southeast Asian societies The history of cartography ed. by J.B. Harley and David Woodward ; associate ed. Joseph E. Schwartzberg ; ass. ed. Cordell D.K. Yee Chicago [etc.] University of Chicago Press 1994 XXVII, 970 p., ill, pl Woodward, David In Cartography-History Harley, John Brian |
| spellingShingle | Cartography in the traditional East and Southeast Asian societies. vol. 2. 2 Cartography-History |
| title | Cartography in the traditional East and Southeast Asian societies. vol. 2. 2 |
| title_full | vol. 2. 2 Cartography in the traditional East and Southeast Asian societies The history of cartography ed. by J.B. Harley and David Woodward ; associate ed. Joseph E. Schwartzberg ; ass. ed. Cordell D.K. Yee |
| title_fullStr | vol. 2. 2 Cartography in the traditional East and Southeast Asian societies The history of cartography ed. by J.B. Harley and David Woodward ; associate ed. Joseph E. Schwartzberg ; ass. ed. Cordell D.K. Yee |
| title_full_unstemmed | vol. 2. 2 Cartography in the traditional East and Southeast Asian societies The history of cartography ed. by J.B. Harley and David Woodward ; associate ed. Joseph E. Schwartzberg ; ass. ed. Cordell D.K. Yee |
| title_search | Cartography in the traditional East and Southeast Asian societies The history of cartography |
| title_short | Cartography in the traditional East and Southeast Asian societies The history of cartography |
| title_sort | ography in the traditional east and southeast asian societies vol 2 2 ed by j b harley and david woodward associate ed joseph e schwartzberg ass ed cordell d k yee |
| title_sub | vol. 2. 2 |
| topic | Cartography-History |